000 004800000a22001810004500
020 _a0-8474-1124-9
041 0 _aENG
082 0 4 _aG 266.001 W4291h
100 1 _aWeiss, Christian
245 1 0 _aThe heart of missionary theology / Christian Weiss
260 _aLincoln, Nebraska, USA : Back to the Bible
300 _a69 Pag
001 11942
942 _cBK
999 _c40995
_d40995
336 _atexto
_btxt
_2rdacontent
337 _2rdamedia
_asin mediación
_bn
338 _2rdacarrier
_avolumen
_bnc